000 00488nam a22001937a 4500
003 MPLRDC
005 20220104155552.0
008 210129b ||||| |||| 00| 0 eng d
020 _a957-755-325-7
082 _a296.5 JMWW c.3*
100 _a将门文物编辑部
245 _a白话神奇推背图
_c
250 _a再版
260 _a
_b将门文物出版有限公司
_c2002
300 _b
490 _a中国最奥秘的预言
650 _a
942 _cBK
_o296.5 JMWW c.3*
999 _c54561
_d54551